Manual para la identificación de plaguicidas registrados en Costa Rica /

Gespeichert in:
Bibliographische Detailangaben
1. Verfasser: Vega, Sileny
Weitere Verfasser: Maroto Jiménez, Irma Ma, Rodríguez Salazar, Albino, Zúñiga Vega, Claudia Ma
Format: Text
Veröffentlicht: Heredia: UNA. Departamento de Publicaciones
Schlagworte:
Tags: Tag hinzufügen
Keine Tags, Fügen Sie den ersten Tag hinzu!

MARC

LEADER 00000 a a2200000 04500
001 18075
003
040 |a CRAI/IIS  |c CRAI/IIS 
090 |a 024900  
100 |a Vega, Sileny  
245 |a Manual para la identificación de plaguicidas registrados en Costa Rica /  |c Sileny Vega 
260 |a Heredia:   |b UNA. Departamento de Publicaciones  
300 |a 147 p  
650 |a PLAGUICIDAS  
650 |a PRODUCCION AGROPECUARIA  
650 |a PRODUCTOS QUIMICOS  
650 |a SUSTANCIAS TOXICAS  
700 |a Maroto Jiménez, Irma Ma  
700 |a Rodríguez Salazar, Albino  
700 |a Zúñiga Vega, Claudia Ma  
999 |c 17763  |d 17763